[Event "Quebec-ch qual. 2"]
[Site "Montreal CAN"]
[Date "2007.05.19"]
[Round "2"]
[White "Cote, Philippe"]
[Black "Robichaud, Louis"]
[Result "1-0"]
[WhiteElo "1594"]
[BlackElo "2157"]
[PlyCount "85"]
[GameId "2160767910676212"]
[EventDate "2007.05.18"]
[EventType "swiss"]
[EventRounds "5"]
[EventCountry "CAN"]
[SourceTitle "EXT 2022"]
[Source "ChessBase"]
[SourceDate "2021.10.06"]
[SourceVersion "1"]
[SourceVersionDate "2021.10.06"]
[SourceQuality "1"]

1. e4 e5 2. Nc3 Nf6 3. f4 d5 4. fxe5 Nxe4 5. Nf3 Bb4 6. Qe2 Bxc3 7. dxc3 O-O 8. Bf4 c6 9. O-O-O Be6 10. Kb1 Nd7 11. Qe1 Qe7 12. h4 f6 13. exf6 Qxf6 14. Bg5 Qf7 15. Bd3 Rae8 16. Rf1 Bg4 17. Ne5 Qxf1 18. Bxf1 Rxe5 19. Be2 Bxe2 20. Rc1 Rf2 21. c4 dxc4 22. Qb4 Nb6 23. Be3 Nd5 24. Qxb7 Re7 25. Qxe7 Nxe7 26. Bxf2 Nxf2 27. Re1 Nd5 28. Rxe2 Ng4 29. Re4 Nge3 30. g4 Kf7 31. Kc1 Kf6 32. Kd2 g5 33. h5 Ng2 34. Rxc4 Ke5 35. Ra4 Nf6 36. Rxa7 Nf4 37. Rg7 h6 38. a4 Nxg4 39. a5 Nf6 40. a6 N6d5 41. c4 Nb6 42. c5 Na8 43. Ra7 1-0

[Event "Quebec-ch qual. 2"]
[Site "Montreal CAN"]
[Date "2007.05.19"]
[Round "2"]
[White "Fareh, Youness"]
[Black "Torkan, Behnam"]
[Result "1-0"]
[WhiteElo "2165"]
[BlackElo "1914"]
[PlyCount "115"]
[GameId "2160767910676214"]
[EventDate "2007.05.18"]
[EventType "swiss"]
[EventRounds "5"]
[EventCountry "CAN"]
[SourceTitle "EXT 2022"]
[Source "ChessBase"]
[SourceDate "2021.10.06"]
[SourceVersion "1"]
[SourceVersionDate "2021.10.06"]
[SourceQuality "1"]

1. c4 e5 2. Nc3 f5 3. g3 Nf6 4. d3 Be7 5. Bg2 O-O 6. Nh3 d6 7. f4 c6 8. O-O Kh8 9. Kh1 Ng4 10. Nf2 Nxf2+ 11. Rxf2 Be6 12. e4 Nd7 13. Qe2 fxe4 14. dxe4 Qb6 15. b3 g6 16. Be3 Qa5 17. Bd2 Qc7 18. Raf1 exf4 19. gxf4 Rae8 20. f5 Bg8 21. Bh6 Rf6 22. Bg5 gxf5 23. Bxf6+ Bxf6 24. Qc2 f4 25. Rxf4 Be5 26. Rf5 Be6 27. R5f2 Bd4 28. Rf3 Ne5 29. Rf8+ Rxf8 30. Rxf8+ Kg7 31. Rf1 Ng4 32. h3 Nf6 33. Ne2 Be5 34. Qd2 h6 35. Nd4 Qd7 36. Nf5+ Bxf5 37. Rxf5 Qe8 38. Bf3 Qe6 39. Qg2+ Kh7 40. Bh5 Nxh5 41. Rxh5 Bd4 42. Qg4 Qe7 43. Rf5 a6 44. Qf4 Kg6 45. h4 Kg7 46. h5 Bf6 47. Qg4+ Bg5 48. Rf1 Qe8 49. Kg2 Qe5 50. Qd7+ Be7 51. Qf5 Qf6 52. Qxf6+ Bxf6 53. Kh3 Bd4 54. Kg4 b5 55. Kf5 Kf7 56. Rd1 c5 57. Rd2 Be5 58. Rg2 1-0

[Event "Quebec-ch qual. 2"]
[Site "Montreal CAN"]
[Date "2007.05.19"]
[Round "2"]
[White "Frangulian, Eric"]
[Black "Camy, Garry"]
[Result "0-1"]
[WhiteElo "1545"]
[BlackElo "1790"]
[PlyCount "76"]
[GameId "2160767910676215"]
[EventDate "2007.05.18"]
[EventType "swiss"]
[EventRounds "5"]
[EventCountry "CAN"]
[SourceTitle "EXT 2022"]
[Source "ChessBase"]
[SourceDate "2021.10.06"]
[SourceVersion "1"]
[SourceVersionDate "2021.10.06"]
[SourceQuality "1"]

1. e4 c5 2. Nf3 d6 3. d4 cxd4 4. Nxd4 Nf6 5. Nc3 a6 6. Be3 Nbd7 7. Be2 g6 8. Qd2 h5 9. f3 Bg7 10. O-O-O Ne5 11. Nd5 h4 12. Bg5 Nxd5 13. exd5 Qb6 14. Rhe1 Qc5 15. Nb3 Qc7 16. f4 Nd7 17. Bd3 Nf6 18. Rxe7+ Kxe7 19. Re1+ Kf8 20. Qe3 Bg4 21. Qd4 Ng8 22. Qa4 f6 23. Bxg6 Bd7 24. Nd4 Ne7 25. Bxf6 Bxf6 26. Ne6+ Bxe6 27. Rxe6 Kg7 28. f5 Nxd5 29. Qg4 Kf8 30. Qe4 Bg5+ 31. Kb1 Qc6 32. Qd4 Rh6 33. c4 Nf4 34. Rxd6 Qxg2 35. Qc5 Kg8 36. a3 Nxg6 37. fxg6 Qe4+ 38. Ka2 Rxg6 0-1

[Event "Quebec-ch qual. 2"]
[Site "Montreal CAN"]
[Date "2007.05.19"]
[Round "2"]
[White "Gueorguiev, Valentin"]
[Black "Trinh, Tri Bao"]
[Result "0-1"]
[WhiteElo "1480"]
[BlackElo "2048"]
[PlyCount "70"]
[GameId "2160767910676216"]
[EventDate "2007.05.18"]
[EventType "swiss"]
[EventRounds "5"]
[EventCountry "CAN"]
[SourceTitle "EXT 2022"]
[Source "ChessBase"]
[SourceDate "2021.10.06"]
[SourceVersion "1"]
[SourceVersionDate "2021.10.06"]
[SourceQuality "1"]

1. c4 c5 2. g3 g6 3. Bg2 Bg7 4. Nc3 Nc6 5. d3 Nf6 6. e4 d6 7. Nge2 O-O 8. O-O Rb8 9. h3 Ne8 10. Be3 a6 11. d4 b6 12. d5 Na5 13. Qd3 b5 14. cxb5 axb5 15. Rab1 b4 16. Nd1 Nc7 17. b3 e6 18. Nb2 exd5 19. exd5 Bf5 20. Qd2 Bxb1 21. Rxb1 Re8 22. Nc4 Nb5 23. Nxa5 Qxa5 24. a4 Nc3 25. Nxc3 bxc3 26. Qc2 Qb4 27. Bf1 Qe4 28. Qxe4 Rxe4 29. Bd3 Reb4 30. Bc2 c4 31. Bf4 Be5 32. Bxe5 dxe5 33. d6 cxb3 34. d7 bxc2 35. Rxb4 c1=Q+ 0-1

[Event "Quebec-ch qual. 2"]
[Site "Montreal CAN"]
[Date "2007.05.19"]
[Round "2"]
[White "Le Duin, Thierry"]
[Black "Girouard, Michel"]
[Result "1/2-1/2"]
[WhiteElo "2112"]
[BlackElo "1899"]
[PlyCount "73"]
[GameId "2160767910676217"]
[EventDate "2007.05.18"]
[EventType "swiss"]
[EventRounds "5"]
[EventCountry "CAN"]
[SourceTitle "EXT 2022"]
[Source "ChessBase"]
[SourceDate "2021.10.06"]
[SourceVersion "1"]
[SourceVersionDate "2021.10.06"]
[SourceQuality "1"]

1. d4 g6 2. c4 Bg7 3. Nc3 d6 4. e4 Nd7 5. Bg5 f6 6. Bh4 e5 7. d5 Ne7 8. Bd3 O-O 9. Nge2 Bh6 10. Qc2 a5 11. O-O Nc5 12. a3 a4 13. Nc1 g5 14. Bg3 f5 15. f3 fxe4 16. Bxe4 Bf5 17. b4 Bxe4 18. fxe4 Rxf1+ 19. Kxf1 Nd7 20. Nd3 Ng6 21. Nxa4 Nf6 22. Nc3 Nh5 23. Kg1 Qd7 24. a4 Nhf4 25. Bxf4 exf4 26. Re1 Bg7 27. Ne2 Qxa4 28. Qxa4 Rxa4 29. Rb1 Ra3 30. Nec1 Rc3 31. c5 Rc4 32. cxd6 cxd6 33. Nf2 Bd4 34. Ncd3 g4 35. Kf1 h5 36. Rc1 Rxc1+ 37. Nxc1 1/2-1/2

[Event "Quebec-ch qual. 2"]
[Site "Montreal CAN"]
[Date "2007.05.19"]
[Round "2"]
[White "Morissette, Jean-Sebastien"]
[Black "Ma, Indy"]
[Result "1-0"]
[WhiteElo "1979"]
[BlackElo "1019"]
[PlyCount "97"]
[GameId "2160767910676218"]
[EventDate "2007.05.18"]
[EventType "swiss"]
[EventRounds "5"]
[EventCountry "CAN"]
[SourceTitle "EXT 2022"]
[Source "ChessBase"]
[SourceDate "2021.10.06"]
[SourceVersion "1"]
[SourceVersionDate "2021.10.06"]
[SourceQuality "1"]

1. d4 Nf6 2. Bg5 e6 3. e4 Be7 4. Nc3 O-O 5. Bd3 h6 6. Be3 Nc6 7. e5 Nd5 8. Nxd5 exd5 9. c3 d6 10. f4 dxe5 11. fxe5 Bg5 12. Qd2 Bxe3 13. Qxe3 Ne7 14. Nf3 Bf5 15. O-O Qd7 16. Rae1 Qe6 17. Re2 Bxd3 18. Qxd3 Ng6 19. Ne1 Rfe8 20. Ref2 Re7 21. Qg3 Kh7 22. Nd3 b6 23. h4 c6 24. h5 Nf8 25. Rf4 g6 26. Rf6 Qd7 27. Qf3 Kg7 28. hxg6 Nxg6 29. Nf4 Nxf4 30. Qxf4 Rh8 31. Rf3 h5 32. Rg3+ Kf8 33. Qg5 Re6 34. Qg7+ Ke7 35. Qxh8 Rxf6 36. Qxf6+ Kf8 37. Rf3 Ke8 38. Rf5 c5 39. Rxh5 Qe7 40. Rh8+ Kd7 41. Qxe7+ Kxe7 42. Ra8 a5 43. dxc5 bxc5 44. Rxa5 Ke6 45. Rxc5 Kxe5 46. Kf2 Ke4 47. a4 d4 48. cxd4 Kxd4 49. b4 1-0

[Event "Quebec-ch qual. 2"]
[Site "Montreal CAN"]
[Date "2007.05.19"]
[Round "2"]
[White "Pregent, Daniel"]
[Black "Mathews, Theo"]
[Result "1/2-1/2"]
[WhiteElo "1814"]
[BlackElo "1648"]
[PlyCount "105"]
[GameId "2160767910676219"]
[EventDate "2007.05.18"]
[EventType "swiss"]
[EventRounds "5"]
[EventCountry "CAN"]
[SourceTitle "EXT 2022"]
[Source "ChessBase"]
[SourceDate "2021.10.06"]
[SourceVersion "1"]
[SourceVersionDate "2021.10.06"]
[SourceQuality "1"]

1. d4 d5 2. c4 e6 3. Nf3 f5 4. e3 Nf6 5. Bd3 c6 6. O-O Bd6 7. b3 O-O 8. Bb2 Ne4 9. Qc2 Bd7 10. Nbd2 Be8 11. Ne5 Nd7 12. f3 Nxd2 13. Qxd2 Nxe5 14. dxe5 Be7 15. Rad1 Bg6 16. g4 Qe8 17. gxf5 Bxf5 18. Qg2 Bxd3 19. Rxd3 Rf5 20. f4 Rh5 21. e4 dxe4 22. Qxe4 Rd8 23. Rfd1 Rxd3 24. Qxd3 Rf5 25. Bc1 Bc5+ 26. Kh1 h6 27. a3 Qh5 28. b4 Bf2 29. Rf1 Bh4 30. a4 Qe8 31. Be3 Be7 32. b5 cxb5 33. axb5 a6 34. Rb1 axb5 35. cxb5 Qh5 36. Qf1 Bg5 37. Ra1 Qf7 38. Ra8+ Kh7 39. Qd3 Bh4 40. Rc8 Qh5 41. Bc1 Qf7 42. b6 Bf2 43. Qd8 Rg5 44. Qh8+ Kg6 45. h3 Rg1+ 46. Kh2 Rxc1 47. Rxc1 Qxf4+ 48. Kg2 Qxc1 49. Qe8+ Kh7 50. Qxe6 Qg1+ 51. Kf3 Qg3+ 52. Ke2 Qe3+ 53. Kf1 1/2-1/2

[Event "Quebec-ch qual. 2"]
[Site "Montreal CAN"]
[Date "2007.05.19"]
[Round "3"]
[White "Desjardins, Michel"]
[Black "Le Duin, Thierry"]
[Result "0-1"]
[WhiteElo "1870"]
[BlackElo "2112"]
[PlyCount "126"]
[GameId "2160767910676220"]
[EventDate "2007.05.18"]
[EventType "swiss"]
[EventRounds "5"]
[EventCountry "CAN"]
[SourceTitle "EXT 2022"]
[Source "ChessBase"]
[SourceDate "2021.10.06"]
[SourceVersion "1"]
[SourceVersionDate "2021.10.06"]
[SourceQuality "1"]

1. e4 d5 2. exd5 Nf6 3. d4 Bg4 4. Be2 Bxe2 5. Qxe2 Qxd5 6. Nf3 e6 7. c4 Qh5 8. Nc3 Nc6 9. d5 Nd8 10. O-O Bd6 11. Bg5 Bxh2+ 12. Nxh2 Qxg5 13. Nb5 O-O 14. Nxc7 Rc8 15. d6 Qf5 16. Rfe1 Nc6 17. Rac1 Qc5 18. Rcd1 Rcd8 19. Qd3 Rd7 20. a3 Rfd8 21. Nb5 a6 22. b4 Qf5 23. Qxf5 exf5 24. Nc3 Rxd6 25. Rxd6 Rxd6 26. Rd1 Rxd1+ 27. Nxd1 Ne5 28. c5 Nc4 29. Ne3 Nxa3 30. Nxf5 Nc2 31. Nd6 Nxb4 32. Nxb7 Nc6 33. Kf1 Kf8 34. Ke2 Ke7 35. Kd3 Ke6 36. Kc4 h6 37. Nd6 Nd7 38. Nf3 g5 39. Ne8 Nde5+ 40. Nxe5 Kxe5 41. Nc7 Nb8 42. Nd5 h5 43. Ne3 f5 44. Nd5 h4 45. Ne7 Ke6 46. c6 Kxe7 47. c7 Nd7 48. c8=N+ Ke6 49. Kd4 a5 50. Na7 g4 51. Ke3 a4 52. Nb5 Ke5 53. f3 h3 54. f4+ Kd5 55. gxh3 gxh3 56. Kf2 Kc4 57. Na3+ Kb4 58. Nb1 a3 59. Nxa3 Kxa3 60. Kg3 Kb3 61. Kxh3 Kc4 62. Kh4 Kd5 63. Kg5 Ke4 0-1

[Event "Quebec-ch qual. 2"]
[Site "Montreal CAN"]
[Date "2007.05.19"]
[Round "3"]
[White "Germain, Max"]
[Black "Pregent, Daniel"]
[Result "0-1"]
[WhiteElo "1588"]
[BlackElo "1814"]
[PlyCount "78"]
[GameId "2160767910676221"]
[EventDate "2007.05.18"]
[EventType "swiss"]
[EventRounds "5"]
[EventCountry "CAN"]
[SourceTitle "EXT 2022"]
[Source "ChessBase"]
[SourceDate "2021.10.06"]
[SourceVersion "1"]
[SourceVersionDate "2021.10.06"]
[SourceQuality "1"]

1. d4 Nf6 2. c4 e6 3. Nc3 Bb4 4. f3 c5 5. a3 Bxc3+ 6. bxc3 O-O 7. e4 h6 8. Bd3 Nc6 9. Ne2 cxd4 10. cxd4 d6 11. O-O e5 12. d5 Ne7 13. Be3 b6 14. Qd2 Ng6 15. a4 Nd7 16. a5 Nc5 17. Bxc5 bxc5 18. f4 exf4 19. Nxf4 Ne5 20. a6 Rb8 21. Ra3 Rb4 22. Rc1 Qb6 23. Bf1 Bxa6 24. Qa2 Rb2 25. Rxa6 Rxa2 26. Rxa2 Qb3 27. Rf2 Qe3 28. Rcc2 Rb8 29. Rce2 Qb3 30. Ra2 Qb6 31. Ra3 a5 32. Rg3 a4 33. Nh5 g6 34. Nf6+ Kg7 35. Nh5+ Kh8 36. Rf6 a3 37. Nf4 a2 38. Ra3 Qb2 39. Ra7 Nf3+ 0-1

[Event "Quebec-ch qual. 2"]
[Site "Montreal CAN"]
[Date "2007.05.19"]
[Round "3"]
[White "Houska, Jiri"]
[Black "Fareh, Youness"]
[Result "1/2-1/2"]
[WhiteElo "1973"]
[BlackElo "2165"]
[PlyCount "128"]
[GameId "2160767910676222"]
[EventDate "2007.05.18"]
[EventType "swiss"]
[EventRounds "5"]
[EventCountry "CAN"]
[SourceTitle "EXT 2022"]
[Source "ChessBase"]
[SourceDate "2021.10.06"]
[SourceVersion "1"]
[SourceVersionDate "2021.10.06"]
[SourceQuality "1"]

1. e4 c5 2. Nf3 e6 3. d4 cxd4 4. Nxd4 Nf6 5. Bd3 Nc6 6. Be3 a6 7. O-O Be7 8. c4 Ne5 9. Nc3 Nxd3 10. Qxd3 Ng4 11. Rae1 Qc7 12. f4 Nxe3 13. Rxe3 d6 14. Nf5 O-O 15. Nxe7+ Qxe7 16. Rd1 Qc7 17. Qxd6 Qxc4 18. b3 Qc6 19. Qxc6 bxc6 20. Rd6 Bb7 21. Na4 a5 22. Nc5 Rfb8 23. Rc3 g6 24. Nxb7 Rxb7 25. Rdxc6 a4 26. Rc8+ Rxc8 27. Rxc8+ Kg7 28. Rc3 axb3 29. axb3 Rb4 30. Re3 Kf6 31. Kf2 h5 32. Ke2 Rd4 33. g3 e5 34. Kf3 Rb4 35. Rc3 Ke6 36. h3 Kd6 37. Re3 Ke6 38. g4 hxg4+ 39. hxg4 Rb5 40. f5+ Kf6 41. Rc3 Kg5 42. Re3 Rb4 43. Rd3 f6 44. Re3 Rd4 45. Rc3 Rd1 46. fxg6 Kxg6 47. b4 Rb1 48. Rc4 Kg5 49. Ke3 Kxg4 50. Kd2 Ra1 51. Kc2 Kf4 52. b5 Ra8 53. b6 Rb8 54. Rb4 f5 55. exf5+ Kxf5 56. Kd3 Rb7 57. Kc4 e4 58. Kd5 e3 59. Kc6 Rb8 60. b7 e2 61. Rb1 Rxb7 62. Kxb7 Ke4 63. Kc6 Kd3 64. Kd5 Kd2 1/2-1/2

[Event "Quebec-ch qual. 2"]
[Site "Montreal CAN"]
[Date "2007.05.19"]
[Round "3"]
[White "O'Connor, Michael"]
[Black "Lepine, Cedric"]
[Result "1-0"]
[WhiteElo "1723"]
[BlackElo "1429"]
[PlyCount "113"]
[GameId "2160767910676224"]
[EventDate "2007.05.18"]
[EventType "swiss"]
[EventRounds "5"]
[EventCountry "CAN"]
[SourceTitle "EXT 2022"]
[Source "ChessBase"]
[SourceDate "2021.10.06"]
[SourceVersion "1"]
[SourceVersionDate "2021.10.06"]
[SourceQuality "1"]

1. d4 d5 2. Nf3 e6 3. g3 c5 4. c4 Nc6 5. cxd5 exd5 6. Bg2 Be6 7. O-O Qd7 8. Re1 O-O-O 9. Nc3 Be7 10. Be3 Nf6 11. Rc1 Kb8 12. Qa4 Ne4 13. dxc5 Nxc5 14. Bxc5 Bxc5 15. e3 Bb6 16. a3 f6 17. Red1 Ne5 18. Nxe5 fxe5 19. Qxd7 Rxd7 20. Nxd5 Bxd5 21. Bxd5 Rhd8 22. Bb3 Rd2 23. Rxd2 Rxd2 24. Rc2 Rxc2 25. Bxc2 g6 26. Kg2 Kc7 27. Kf3 Bc5 28. Ke4 Kd6 29. Bb3 Bb6 30. Bd5 Bd8 31. Bxb7 Be7 32. h4 Ke6 33. Bc8+ Kf6 34. g4 Bd6 35. Kd5 Ke7 36. b4 h6 37. e4 g5 38. hxg5 hxg5 39. Kc6 Bb8 40. Kb7 Bd6 41. Kxa7 Kd8 42. Bf5 Kc7 43. f3 Be7 44. Bg6 Bd6 45. Ka6 Be7 46. Kb5 Kd6 47. a4 Bd8 48. Kc4 Kc6 49. Be8+ Kd6 50. a5 Bc7 51. Kb5 Bd8 52. Ka6 Kc7 53. b5 Kb8 54. b6 Be7 55. Kb5 Ka8 56. a6 Bd8 57. Bc6+ 1-0

[Event "Quebec-ch qual. 2"]
[Site "Montreal CAN"]
[Date "2007.05.19"]
[Round "3"]
[White "Robichaud, Louis"]
[Black "Chesnut, Walter"]
[Result "1-0"]
[WhiteElo "2157"]
[BlackElo "1539"]
[PlyCount "31"]
[GameId "2160767910676225"]
[EventDate "2007.05.18"]
[EventType "swiss"]
[EventRounds "5"]
[EventCountry "CAN"]
[SourceTitle "EXT 2022"]
[Source "ChessBase"]
[SourceDate "2021.10.06"]
[SourceVersion "1"]
[SourceVersionDate "2021.10.06"]
[SourceQuality "1"]

1. e4 c5 2. Nc3 Nc6 3. g3 g6 4. Bg2 Bg7 5. d3 d6 6. f4 e6 7. Nf3 Nge7 8. O-O O-O 9. Be3 a6 10. d4 cxd4 11. Nxd4 Bd7 12. Nde2 Qc7 13. Qd3 Nb4 14. Qd2 Bb5 15. Nxb5 axb5 16. Qxb4 1-0

[Event "Quebec-ch qual. 2"]
[Site "Montreal CAN"]
[Date "2007.05.19"]
[Round "3"]
[White "Trinh, Tri Bao"]
[Black "Morissette, Jean-Sebastien"]
[Result "1/2-1/2"]
[WhiteElo "2048"]
[BlackElo "1979"]
[PlyCount "34"]
[GameId "2160767910676226"]
[EventDate "2007.05.18"]
[EventType "swiss"]
[EventRounds "5"]
[EventCountry "CAN"]
[SourceTitle "EXT 2022"]
[Source "ChessBase"]
[SourceDate "2021.10.06"]
[SourceVersion "1"]
[SourceVersionDate "2021.10.06"]
[SourceQuality "1"]

1. c4 e6 2. Nf3 d5 3. b3 Nf6 4. Bb2 Be7 5. g3 O-O 6. Bg2 b6 7. O-O Nbd7 8. cxd5 exd5 9. Na3 c5 10. d4 Ne4 11. dxc5 Ndxc5 12. Nc2 Bf6 13. Bxf6 Qxf6 14. Qd4 Bb7 15. Qxf6 Nxf6 16. Ncd4 Rfe8 17. Rfd1 Nce4 1/2-1/2

[Event "Quebec-ch qual. 2"]
[Site "Montreal CAN"]
[Date "2007.05.20"]
[Round "4"]
[White "Cote, Philippe"]
[Black "Trinh, Tri Bao"]
[Result "0-1"]
[WhiteElo "1594"]
[BlackElo "2048"]
[PlyCount "54"]
[GameId "2160767910676227"]
[EventDate "2007.05.18"]
[EventType "swiss"]
[EventRounds "5"]
[EventCountry "CAN"]
[SourceTitle "EXT 2022"]
[Source "ChessBase"]
[SourceDate "2021.10.06"]
[SourceVersion "1"]
[SourceVersionDate "2021.10.06"]
[SourceQuality "1"]

1. e4 c5 2. b4 cxb4 3. a3 d5 4. exd5 Qxd5 5. Bb2 e5 6. Nf3 Nc6 7. axb4 Bxb4 8. Na3 Bxa3 9. Rxa3 Nge7 10. Rd3 Qa2 11. Bxe5 Nxe5 12. Nxe5 O-O 13. Rg3 Be6 14. Bd3 Qb2 15. Ng4 a5 16. c3 Ng6 17. h4 Bxg4 18. Rxg4 Rfe8+ 19. Kf1 Ne5 20. Rg3 Rad8 21. Rhh3 a4 22. Bxh7+ Kxh7 23. Qh5+ Kg8 24. Rxg7+ Kxg7 25. Qg5+ Ng6 26. Kg1 Qc1+ 27. Kh2 Qxd2 0-1

[Event "Quebec-ch qual. 2"]
[Site "Montreal CAN"]
[Date "2007.05.20"]
[Round "4"]
[White "Fareh, Youness"]
[Black "Morissette, Jean-Sebastien"]
[Result "1-0"]
[WhiteElo "2165"]
[BlackElo "1979"]
[PlyCount "43"]
[GameId "2160767910676228"]
[EventDate "2007.05.18"]
[EventType "swiss"]
[EventRounds "5"]
[EventCountry "CAN"]
[SourceTitle "EXT 2022"]
[Source "ChessBase"]
[SourceDate "2021.10.06"]
[SourceVersion "1"]
[SourceVersionDate "2021.10.06"]
[SourceQuality "1"]

1. Nf3 c5 2. c4 Nf6 3. Nc3 b6 4. g3 Bb7 5. Bg2 e6 6. O-O Be7 7. e3 O-O 8. b3 d6 9. Bb2 Nbd7 10. d4 a6 11. d5 e5 12. Nh4 g6 13. f4 exf4 14. exf4 Nh5 15. Nf5 Re8 16. Nxe7+ Qxe7 17. Ne4 Qf8 18. Qd3 Ra7 19. Rae1 Ng7 20. Qc3 f5 21. Nxd6 Rxe1 22. Rxe1 1-0

[Event "Quebec-ch qual. 2"]
[Site "Montreal CAN"]
[Date "2007.05.20"]
[Round "4"]
[White "Le Duin, Thierry"]
[Black "Houska, Jiri"]
[Result "0-1"]
[WhiteElo "2112"]
[BlackElo "1973"]
[PlyCount "40"]
[GameId "2160767910676230"]
[EventDate "2007.05.18"]
[EventType "swiss"]
[EventRounds "5"]
[EventCountry "CAN"]
[SourceTitle "EXT 2022"]
[Source "ChessBase"]
[SourceDate "2021.10.06"]
[SourceVersion "1"]
[SourceVersionDate "2021.10.06"]
[SourceQuality "1"]

1. d4 Nf6 2. c4 g6 3. Nc3 Bg7 4. Bf4 d5 5. c5 O-O 6. e3 b6 7. b4 Bf5 8. Be2 a5 9. a3 axb4 10. axb4 Nc6 11. Na2 Ne4 12. b5 e5 13. bxc6 exf4 14. cxb6 fxe3 15. fxe3 Qg5 16. Nf3 Qxe3 17. Rf1 cxb6 18. Qd3 Qxd3 19. Bxd3 Rfc8 20. Ke2 Rxa2+ 0-1

[Event "Quebec-ch qual. 2"]
[Site "Montreal CAN"]
[Date "2007.05.20"]
[Round "4"]
[White "Nunez-Painchaud, Raphael"]
[Black "Robichaud, Louis"]
[Result "1/2-1/2"]
[WhiteElo "1462"]
[BlackElo "2157"]
[PlyCount "97"]
[GameId "2160767910676231"]
[EventDate "2007.05.18"]
[EventType "swiss"]
[EventRounds "5"]
[EventCountry "CAN"]
[SourceTitle "EXT 2022"]
[Source "ChessBase"]
[SourceDate "2021.10.06"]
[SourceVersion "1"]
[SourceVersionDate "2021.10.06"]
[SourceQuality "1"]

1. c4 Nf6 2. g3 g6 3. Bg2 Bg7 4. Nf3 O-O 5. O-O d6 6. Nc3 e5 7. d3 Nc6 8. Rb1 a5 9. Bd2 h6 10. a3 Kh7 11. b4 axb4 12. axb4 Ng8 13. Rb3 f5 14. b5 Nce7 15. Qc2 Be6 16. Nb1 Qc8 17. Bc3 f4 18. Rc1 fxg3 19. hxg3 Nf6 20. Nbd2 Ng4 21. Rbb1 Nf5 22. Qb2 g5 23. Ne4 Qe8 24. Ra1 Rxa1 25. Rxa1 Qh5 26. Ra7 Bc8 27. Qa1 c6 28. bxc6 bxc6 29. Ra8 d5 30. cxd5 cxd5 31. Ned2 d4 32. Bb4 Re8 33. Qa4 Nf6 34. Nc4 Bd7 35. Qa7 Rxa8 36. Qxa8 Ng4 37. Qd5 Qe8 38. Nd6 Qb8 39. Nxf5 Bxf5 40. Qd6 Qa7 41. Ba3 Qa4 42. Qb4 Qd1+ 43. Qe1 Qc2 44. Qd2 Qc8 45. Qc1 Qd7 46. Qc5 Kh8 47. Qd6 Qa4 48. Qb8+ Kh7 49. Qb4 1/2-1/2

[Event "Quebec-ch qual. 2"]
[Site "Montreal CAN"]
[Date "2007.05.20"]
[Round "4"]
[White "O'Connor, Michael"]
[Black "Desjardins, Michel"]
[Result "0-1"]
[WhiteElo "1723"]
[BlackElo "1870"]
[PlyCount "57"]
[GameId "2160767910676232"]
[EventDate "2007.05.18"]
[EventType "swiss"]
[EventRounds "5"]
[EventCountry "CAN"]
[SourceTitle "EXT 2022"]
[Source "ChessBase"]
[SourceDate "2021.10.06"]
[SourceVersion "1"]
[SourceVersionDate "2021.10.06"]
[SourceQuality "1"]

1. d4 d5 2. Nf3 c6 3. g3 Nf6 4. Bg2 Bg4 5. Ne5 Bh5 6. c4 e6 7. Nc3 Nbd7 8. f4 Be7 9. O-O O-O 10. Qb3 Rb8 11. Kh1 dxc4 12. Nxc4 c5 13. d5 exd5 14. Bxd5 b5 15. Ne5 Nxe5 16. fxe5 Nxd5 17. Nxd5 Bxe2 18. Re1 c4 19. Nxe7+ Qxe7 20. Qc3 b4 21. Qe3 Bg4 22. Qf4 Qe6 23. Qe4 Rfd8 24. Be3 Rd3 25. Rac1 Rc8 26. b3 Bf5 27. Qf4 c3 28. Kg1 Re8 29. Bxa7 0-1

[Event "Quebec-ch qual. 2"]
[Site "Montreal CAN"]
[Date "2007.05.20"]
[Round "4"]
[White "Pregent, Daniel"]
[Black "Carrier, Claude"]
[Result "1-0"]
[WhiteElo "1814"]
[BlackElo "1987"]
[PlyCount "91"]
[GameId "2160767910676233"]
[EventDate "2007.05.18"]
[EventType "swiss"]
[EventRounds "5"]
[EventCountry "CAN"]
[SourceTitle "EXT 2022"]
[Source "ChessBase"]
[SourceDate "2021.10.06"]
[SourceVersion "1"]
[SourceVersionDate "2021.10.06"]
[SourceQuality "1"]

1. d4 Nf6 2. Nf3 d5 3. c4 g6 4. Nc3 Bg7 5. cxd5 Nxd5 6. e4 Nxc3 7. bxc3 c5 8. Rb1 O-O 9. Be2 b6 10. O-O Bb7 11. e5 cxd4 12. cxd4 Qd5 13. a4 Nc6 14. Be3 Rac8 15. Qd2 Na5 16. Bh6 Nb3 17. Qe3 Bxh6 18. Qxb3 Rc7 19. Qxd5 Bxd5 20. a5 Be4 21. axb6 Rb7 22. Rb5 axb6 23. d5 Rd8 24. Rd1 e6 25. d6 Ra8 26. Nd4 Ra2 27. g3 Bd5 28. Bf3 Bxf3 29. Nxf3 Raa7 30. Nd4 Ra8 31. Nc6 Bg5 32. f4 Bd8 33. Rdb1 Kf8 34. Nxd8 Rxd8 35. Rxb6 Rbd7 36. Kf2 h5 37. Rb8 Ke8 38. Rxd8+ Rxd8 39. Rb7 Ra8 40. Re7+ Kf8 41. Rc7 Ke8 42. Kg2 g5 43. fxg5 Ra5 44. g6 Rxe5 45. g7 Rg5 46. g8=Q+ 1-0

[Event "Quebec-ch qual. 2"]
[Site "Montreal CAN"]
[Date "2007.05.20"]
[Round "5"]
[White "Houska, Jiri"]
[Black "Forget, David"]
[Result "1-0"]
[WhiteElo "1973"]
[BlackElo "1847"]
[PlyCount "82"]
[GameId "2160767910676234"]
[EventDate "2007.05.18"]
[EventType "swiss"]
[EventRounds "5"]
[EventCountry "CAN"]
[SourceTitle "EXT 2022"]
[Source "ChessBase"]
[SourceDate "2021.10.06"]
[SourceVersion "1"]
[SourceVersionDate "2021.10.06"]
[SourceQuality "1"]

1. e4 e6 2. d4 d5 3. Nd2 c5 4. Ngf3 cxd4 5. Nxd4 Nc6 6. Bb5 Bd7 7. Bxc6 Bxc6 8. Nxc6 bxc6 9. c4 Bc5 10. O-O Ne7 11. exd5 cxd5 12. cxd5 Qxd5 13. Qa4+ Qd7 14. Qxd7+ Kxd7 15. Ne4 Bb6 16. Rd1+ Ke8 17. Nd6+ Kf8 18. b3 Nd5 19. Ba3 f6 20. Rac1 Ke7 21. Kf1 Kd7 22. Ke2 Bd8 23. Nf5 g6 24. Ne3 Re8 25. Kf3 Be7 26. Bxe7 Rxe7 27. Nxd5 exd5 28. Rxd5+ Ke8 29. Rc3 Kf7 30. Rdc5 a5 31. Rc7 a4 32. b4 a3 33. Rxe7+ Kxe7 34. Ke4 h5 35. Kd3 Kd6 36. Kc2 Re8 37. Re3 Ra8 38. Kb3 g5 39. Rc3 Kd5 40. b5 f5 41. Kb4 Re8 1-0